00000000nam##2200000za#4500
0019.603761
003CaOODSP
00520210624211231
007cr |||||||||||
008150406|2004||||xxc|||||o    f|0| 0 fre|d
040 |aCaOODSP|bfre
043 |an-cn---
0861 |aT41-1/25F-PDF
1101 |aCanada. |bTransports Canada.
24510|aLaissez-passer universels de transport en commun au Canada |h[ressource électronique]
260 |aOttawa - Ontario : |bTransports Canada |cJuillet 2004.
300 |a21p.|bill. en couleur, tableau, photographies
4901 |aÉtudes de cas sur les transports durables |vÉtude de cas nº 25
500 |aEn tête du titre : Programme de démonstration en transport urbain. «Victoria, C.-B. / London, Ont. / Halifax, N.-É.».
590 |a12-20-Supp|b2012-05-09
77508|tUniversal transit passes in Canada |w(CaOODSP)9.573662
830#0|aÉtudes de cas sur les transports durables ;|vÉtude de cas nº 25|w(CaOODSP)9.503247
85640|ahttp://publications.gc.ca|qPDF|s795 Ko|uhttps://publications.gc.ca/collections/collection_2012/tc/T41-1-25-fra.pdf|yÉtude de cas nº 25
986 |aTP14270F